[Event "Rio de Janeiro CMIL op"]
[Site "Rio de Janeiro"]
[Date "2015.12.01"]
[Round "4"]
[White "Carvalho, Renato Luiz"]
[Black "Rolim, Carlos Alves"]
[Result "1-0"]
[WhiteElo "2206"]
[BlackElo "2206"]
[PlyCount "79"]
[EventDate "2015.11.19"]
[EventType "swiss"]
[EventRounds "6"]
[EventCountry "BRA"]
[SourceTitle "CBM 170 Extra"]
[Source "ChessBase"]
[SourceDate "2016.02.25"]
[SourceVersion "1"]
[SourceVersionDate "2016.02.25"]
[SourceQuality "1"]

1. e4 c5 2. Nf3 e6 3. d3 Nc6 4. g3 Nf6 5. Bg2 d5 6. Nbd2 Be7 7. 0-0 0-0 8. h3 Qc7 9. Nh2 Bd7 10. f4 dxe4 11. dxe4 Rad8 12. c3 b5 13. g4 Bc8 14. g5 Ne8 15. e5 Bb7 16. Qe2 Qb6 17. Be4 Na5 18. Ng4 Bxe4 19. Nxe4 c4+ 20. Kh2 Nb7 21. Ngf6+ Bxf6 22. gxf6 Rd3 23. Qh5 Qc6 24. Ng5 h6 25. fxg7 Nxg7 26. Qxh6 Rfd8 27. Qh7+ Kf8 28. Qh8+ Ke7 29. Qxg7 Rd2+ 30. Bxd2 Rxd2+ 31. Kg3 Qg2+ 32. Kh4 Nd8 33. Qf6+ Ke8 34. Rf3 Qe2 35. Rg1 Rxb2 36. Nxf7 Nxf7 37. Rg8+ Kd7 38. Qxf7+ Kc6 39. Qxe6+ Kb7 40. Rg7+ 1-0

[Event "Botafogo Fexerj op"]
[Site "Botafogo"]
[Date "2015.01.24"]
[Round "4"]
[White "Vilalba, Ricardo Pereira"]
[Black "Carvalho, Renato Luiz"]
[Result "0-1"]
[WhiteElo "1935"]
[BlackElo "2070"]
[PlyCount "96"]
[EventDate "2015.01.23"]
[EventType "swiss"]
[EventRounds "6"]
[EventCountry "BRA"]
[SourceTitle "CBM 164 Extra"]
[Source "ChessBase"]
[SourceDate "2015.03.02"]
[SourceVersion "1"]
[SourceVersionDate "2015.03.02"]
[SourceQuality "1"]

1. c4 e6 2. Nf3 Nf6 3. g3 b6 4. Bg2 Bb7 5. 0-0 d6 6. b3 Nbd7 7. Bb2 Be7 8. Nc3 c5 9. e3 d5 10. d4 dxc4 11. bxc4 0-0 12. Qe2 Rc8 13. Rac1 Qc7 14. Nb5 Qb8 15. Rfd1 Rfd8 16. Ba3 Ne4 17. Nc3 Ndf6 18. Nxe4 Bxe4 19. Ne5 Bxg2 20. Kxg2 Bd6 21. f4 Qb7+ 22. Qf3 Qa6 23. Rd3 cxd4 24. exd4 Ne8 25. Rf1 f6 26. Nc6 Rxc6 27. Qxc6 Bxa3 28. Qxe6+ Kf8 29. Re1 Bd6 30. Re2 Nc7 31. Qf5 Qxc4 32. Qxh7 Qd5+ 33. Kg1 Kf7 34. Qe4 Bc5 35. Qxd5+ Rxd5 36. Red2 Rxd4 37. Kg2 Nb5 38. Kf3 f5 39. Ke2 Re4+ 40. Kd1 Nd4 41. a3 Ke6 42. Kc1 a5 43. Kb2 a4 44. Kc3 Nb5+ 45. Kb2 Bd4+ 46. Kc2 Kd5 47. Rd1 Kc4 48. Rb1 Bc5 0-1

[Event "Rio de Janeiro-ch"]
[Site "Rio de Janeiro"]
[Date "2014.01.19"]
[Round "3"]
[White "Bastos Seixas, Pedro Lucas"]
[Black "Carvalho, Renato Luiz"]
[Result "1/2-1/2"]
[WhiteElo "1928"]
[BlackElo "2070"]
[PlyCount "76"]
[EventDate "2014.01.18"]
[EventType "swiss"]
[EventRounds "6"]
[EventCountry "BRA"]
[SourceTitle "CBM 158 Extra"]
[Source "ChessBase"]
[SourceDate "2014.02.28"]
[SourceVersion "1"]
[SourceVersionDate "2014.02.28"]
[SourceQuality "1"]

1. e4 e6 2. d3 b6 3. g3 Bb7 4. Bg2 g6 5. Qe2 Bg7 6. c3 Ne7 7. Nf3 d6 8. a4 a6 9. Na3 Nd7 10. Bg5 h6 11. Bf4 g5 12. Be3 Ng6 13. Bd4 Nf6 14. h3 0-0 15. Nh2 c5 16. Bxf6 Bxf6 17. 0-0 Bg7 18. Nc4 d5 19. Nd2 Qc7 20. Qh5 Kh7 21. Rae1 Rad8 22. Ndf3 f6 23. e5 Qe7 24. exf6 Qxf6 25. Rxe6 Qf5 26. g4 Nf4 27. gxf5 Nxh5 28. Rxb6 Rd7 29. h4 Nf4 30. hxg5 Rxf5 31. gxh6 Bxh6 32. Ng4 Bg7 33. Ne3 Rh5 34. Re1 Nxg2 35. Kxg2 d4 36. Rxb7 Rxb7 37. cxd4 Rb3 38. Rd1 cxd4 1/2-1/2

[Event "Rio de Janeiro IRT DE OUTONO TTC 2nd"]
[Site "Rio de Janeiro"]
[Date "2013.06.02"]
[Round "5.1"]
[White "Carvalho, Renato Luiz"]
[Black "Noseda, Francesco"]
[Result "1-0"]
[WhiteElo "2053"]
[BlackElo "1910"]
[PlyCount "89"]
[EventDate "2013.05.30"]
[EventType "swiss"]
[EventRounds "6"]
[EventCountry "BRA"]
[SourceTitle "EXT 2022"]
[Source "ChessBase"]
[SourceDate "2021.10.06"]
[SourceVersion "1"]
[SourceVersionDate "2021.10.06"]
[SourceQuality "1"]

1. e4 c5 2. Nc3 g6 3. g3 Bg7 4. Nge2 Nc6 5. d3 e6 6. Bg2 Nge7 7. Be3 d6 8. Qd2 Rb8 9. 0-0 0-0 10. Bh6 b5 11. Nd1 Nd4 12. Bxg7 Kxg7 13. Ne3 Bb7 14. Nf4 Qb6 15. c3 Ndc6 16. Ng4 Ng8 17. h4 Ne5 18. Ne3 Nf6 19. f3 Rbd8 20. Kh2 Rfe8 21. g4 d5 22. g5 Ng8 23. Qf2 Re7 24. Qg3 dxe4 25. Nh5+ gxh5 26. Qxe5+ Kf8 27. dxe4 Qd6 28. Qxd6 Rxd6 29. Rf2 Red7 30. Nf1 Ne7 31. Ng3 Rd2 32. Raf1 Ng6 33. Nxh5 Nxh4 34. Nf6 R7d3 35. Kg3 Nxg2 36. Kxg2 Kg7 37. Ng4 Rxf2+ 38. Rxf2 f6 39. gxf6+ Kf8 40. Ne5 Rd1 41. Kg3 b4 42. cxb4 cxb4 43. Rh2 Kg8 44. f7+ Kf8 45. Rxh7 1-0

[Event "Rio de Janeiro IRT DE OUTONO TTC 2nd"]
[Site "Rio de Janeiro"]
[Date "2013.06.01"]
[Round "4.1"]
[White "Salles, Marvio Darilho"]
[Black "Carvalho, Renato Luiz"]
[Result "1/2-1/2"]
[WhiteElo "2110"]
[BlackElo "2053"]
[PlyCount "67"]
[EventDate "2013.05.30"]
[EventType "swiss"]
[EventRounds "6"]
[EventCountry "BRA"]
[SourceTitle "EXT 2022"]
[Source "ChessBase"]
[SourceDate "2021.10.06"]
[SourceVersion "1"]
[SourceVersionDate "2021.10.06"]
[SourceQuality "1"]

1. e4 c5 2. Nf3 Nc6 3. Bb5 g6 4. c3 Bg7 5. 0-0 Qb6 6. Qe2 a6 7. Ba4 Qc7 8. d3 b5 9. Bc2 Bb7 10. Be3 d6 11. Nbd2 Nf6 12. Rac1 0-0 13. d4 Nd7 14. Bb1 Rac8 15. Nb3 Na5 16. Nxa5 Qxa5 17. dxc5 dxc5 18. Rfd1 Qc7 19. Rd2 Bc6 20. Rcd1 Qb7 21. Bg5 Rfe8 22. h4 h6 23. Bf4 e5 24. Bg3 c4 25. Ne1 Nf6 26. f3 Nh5 27. Bh2 Qe7 28. g3 Nf6 29. Nc2 h5 30. Ne3 Bh6 31. Kg2 Red8 32. Bg1 Rxd2 33. Qxd2 Rc7 34. Qd8+ 1/2-1/2

[Event "Rio de Janeiro Regional"]
[Site "Rio de Janeiro"]
[Date "2012.10.28"]
[Round "6"]
[White "Carvalho, Renato Luiz"]
[Black "Ramos, Angelo Bil"]
[Result "1/2-1/2"]
[WhiteElo "2041"]
[BlackElo "2138"]
[PlyCount "102"]
[EventDate "2012.10.26"]
[EventType "swiss"]
[EventRounds "6"]
[EventCountry "BRA"]
[SourceTitle "EXT 2013"]
[Source "ChessBase"]
[SourceDate "2012.11.22"]
[SourceVersion "1"]
[SourceVersionDate "2012.11.22"]
[SourceQuality "1"]

1. d4 Nf6 2. Nf3 g6 3. Nc3 Bg7 4. e4 d6 5. Bf4 0-0 6. Be2 c5 7. dxc5 dxc5 8. Qxd8 Rxd8 9. e5 Nh5 10. Be3 b6 11. Ng5 Bb7 12. f4 h6 13. Nf3 Bf8 14. f5 gxf5 15. Nh4 Ng7 16. 0-0 e6 17. Bxh6 Be7 18. Nf3 Nc6 19. a3 a6 20. Na4 b5 21. Nc3 Rd7 22. Rad1 Rad8 23. Rxd7 Rxd7 24. Rd1 Rxd1+ 25. Nxd1 Ne8 26. Ne3 c4 27. g4 fxg4 28. Nxg4 Ng7 29. Be3 Nf5 30. Bf2 Kg7 31. c3 Bd8 32. Nd4 Ncxd4 33. cxd4 Bb6 34. d5 Bxf2+ 35. Kxf2 Bxd5 36. Nf6 Nd4 37. Bd1 Nc6 38. Ng4 Be4 39. Nf6 Bf5 40. Nd7 a5 41. Ke3 Kg6 42. Bf3 Ne7 43. Kd4 Kg5 44. a4 bxa4 45. Kxc4 Kf4 46. Bd1 Nc6 47. Kb5 Nxe5 48. Nxe5 Kxe5 49. Kxa5 a3 50. bxa3 Be4 51. Kb4 f5 1/2-1/2

[Event "Rio de Janeiro Fexerj op"]
[Site "Rio de Janeiro"]
[Date "2012.09.01"]
[Round "6"]
[White "Carvalho, Renato Luiz"]
[Black "Salles, Marvio Darilho"]
[Result "0-1"]
[WhiteElo "2067"]
[BlackElo "2095"]
[PlyCount "116"]
[EventDate "2012.08.25"]
[EventType "swiss"]
[EventRounds "7"]
[EventCountry "BRA"]
[SourceTitle "CBM 150 Extra"]
[Source "ChessBase"]
[SourceDate "2012.10.19"]
[SourceVersion "1"]
[SourceVersionDate "2012.10.19"]
[SourceQuality "1"]

1. d4 Nf6 2. Nf3 g6 3. Nc3 Bg7 4. Bg5 d5 5. e3 0-0 6. Be2 Bg4 7. h3 Bxf3 8. Bxf3 c6 9. h4 Nbd7 10. h5 e5 11. Qd2 h6 12. Bxf6 Qxf6 13. 0-0-0 exd4 14. exd4 b5 15. Rh3 Nb6 16. b3 g5 17. Ne2 Qd6 18. c3 f5 19. Rg3 a5 20. Ng1 f4 21. Rh3 b4 22. Bg4 a4 23. cxb4 axb3 24. Rxb3 Nc4 25. Qc2 Ra4 26. Qg6 Qxg6 27. hxg6 Rxa2 28. Ne2 Rfa8 29. b5 Ra1+ 30. Rb1 Rxb1+ 31. Kxb1 Na3+ 32. Kb2 Nxb5 33. Bd7 Rb8 34. Kc2 Rb7 35. Be6+ Kf8 36. Rd3 Ke7 37. Bf7 Nd6 38. Bg8 Kf6 39. g3 Re7 40. Kd1 Ne4 41. Rf3 Kxg6 42. gxf4 g4 43. Ra3 Nf6 44. Ra8 h5 45. Rd8 Ne4 46. Rc8 Nxf2+ 47. Ke1 Nd3+ 48. Kd2 Rxe2+ 49. Kxd3 Re4 50. Rxc6+ Bf6 51. f5+ Kg7 52. Be6 Rxd4+ 53. Ke3 Re4+ 54. Kd3 g3 55. Rc8 Rxe6 56. fxe6 g2 57. Rc7+ Kg6 58. Rc8 g1Q 0-1

[Event "Tijuca op"]
[Site "Tijuca"]
[Date "2012.06.10"]
[Round "7"]
[White "Carvalho, Renato Luiz"]
[Black "Santos Filho, Tadeu Souza"]
[Result "1-0"]
[WhiteElo "2071"]
[BlackElo "2093"]
[PlyCount "78"]
[EventDate "2012.06.07"]
[EventType "swiss"]
[EventRounds "7"]
[EventCountry "BRA"]
[SourceTitle "EXT 2014"]
[Source "ChessBase"]
[SourceDate "2013.11.20"]
[SourceVersion "1"]
[SourceVersionDate "2013.11.20"]
[SourceQuality "1"]

1. d4 Nf6 2. Nf3 g6 3. Nc3 c5 4. d5 d6 5. e4 Bg7 6. Be2 Bg4 7. Bf4 Bxf3 8. Bxf3 0-0 9. g4 Nbd7 10. h4 a6 11. h5 Qa5 12. Bd2 e6 13. hxg6 hxg6 14. g5 Nh7 15. Bg4 Rfe8 16. f4 Qd8 17. Qf3 b5 18. dxe6 fxe6 19. Rxh7 Kxh7 20. Qh3+ Kg8 21. Bxe6+ Rxe6 22. Qxe6+ Kf8 23. Qxd6+ Qe7 24. Qxg6 Re8 25. 0-0-0 b4 26. Qf5+ Qf7 27. Nd5 a5 28. Nc7 Re7 29. Be1 Kg8 30. Nd5 Re8 31. Bf2 a4 32. Qxd7 Rxe4 33. Qxf7+ Kxf7 34. Bxc5 b3 35. axb3 axb3 36. cxb3 Ke6 37. Bb4 Bd4 38. Bc3 Bc5 39. Be5 Re2 1-0

[Event "Tijuca op"]
[Site "Tijuca"]
[Date "2012.06.09"]
[Round "4"]
[White "Poiani, Fernando Celso"]
[Black "Carvalho, Renato Luiz"]
[Result "0-1"]
[WhiteElo "1819"]
[BlackElo "2071"]
[PlyCount "108"]
[EventDate "2012.06.07"]
[EventType "swiss"]
[EventRounds "7"]
[EventCountry "BRA"]
[SourceTitle "EXT 2014"]
[Source "ChessBase"]
[SourceDate "2013.11.20"]
[SourceVersion "1"]
[SourceVersionDate "2013.11.20"]
[SourceQuality "1"]

1. c4 Nf6 2. Nc3 c6 3. g3 g6 4. Bg2 Bg7 5. e4 d6 6. Nge2 Be6 7. d3 Na6 8. 0-0 Qc8 9. Rb1 Nc7 10. b3 h5 11. h4 Bh3 12. Bg5 Nh7 13. Qd2 Nxg5 14. Qxg5 Nb5 15. Nxb5 Bxg2 16. Kxg2 cxb5 17. Qxb5+ Kf8 18. f4 a6 19. Qd5 Qc7 20. Nd4 e6 21. Nxe6+ fxe6 22. Qxe6 Rh6 23. f5 g5 24. f6 Bh8 25. hxg5 Rg6 26. Rf5 Re8 27. Qd5 Re5 28. Qd4 Rxg5 29. Rbf1 h4 30. R1f3 hxg3 31. Rxe5 Rxe5 32. Qe3 Qh7 33. Rxg3 Bxf6 34. Qf4 Ke7 35. Rf3 Rg5+ 36. Kf1 Qg7 37. c5 Be5 38. cxd6+ Bxd6 39. e5 Bxe5 40. Qb4+ Ke8 41. Qb6 Rg6 42. Qa7 Qc7 43. Qe3 Qc3 44. d4 Qa1+ 45. Ke2 Qxa2+ 46. Kf1 Qb1+ 47. Ke2 Rg2+ 48. Rf2 Qc2+ 49. Kf1 Rxf2+ 50. Qxf2 Qxf2+ 51. Kxf2 Bxd4+ 52. Ke2 Kd7 53. Kd3 Bf6 54. Kc4 Kc6 0-1

[Event "Tijuca Schlechter Memorial"]
[Site "Tijuca"]
[Date "2012.04.07"]
[Round "3"]
[White "Carvalho, Renato Luiz"]
[Black "Santos Filho, Tadeu Souza"]
[Result "1/2-1/2"]
[WhiteElo "2071"]
[BlackElo "2085"]
[PlyCount "82"]
[EventDate "2012.03.24"]
[EventType "swiss"]
[EventRounds "6"]
[EventCountry "BRA"]
[SourceTitle "EXT 2014"]
[Source "ChessBase"]
[SourceDate "2013.11.20"]
[SourceVersion "1"]
[SourceVersionDate "2013.11.20"]
[SourceQuality "1"]

1. d4 Nf6 2. e3 g6 3. Bc4 Bg7 4. f4 0-0 5. Nd2 d6 6. Ngf3 Nbd7 7. b3 c5 8. 0-0 Nb6 9. Bd3 Nbd5 10. Qe1 Ng4 11. Ne4 Nb4 12. Bb2 Bf5 13. h3 Nxd3 14. cxd3 Nf6 15. Nxf6+ Bxf6 16. e4 Bd7 17. e5 Bg7 18. dxc5 dxc5 19. Qe3 b6 20. Rfd1 Be6 21. d4 c4 22. d5 c3 23. dxe6 cxb2 24. exf7+ Kxf7 25. Rab1 Qc7 26. Rxb2 Rfd8 27. Rc1 Qb7 28. Ng5+ Kg8 29. Ne6 Rdc8 30. Rd1 Qc6 31. Nd4 Qb7 32. Qe2 Qd5 33. Kh1 Rc3 34. Nf3 Qc6 35. Rbd2 Bh6 36. Rd4 Rf8 37. Qd2 Rc2 38. Qe3 Rc3 39. Qd2 Rc2 40. Qe3 Rc3 41. Qd2 Rc2 1/2-1/2

[Event "Rio de Janeiro/RJ I IRT CXG"]
[Site "Rio de Janeiro"]
[Date "2011.03.19"]
[Round "3.4"]
[White "Chauca, Jose Luis Murga"]
[Black "Carvalho, Renato Luiz"]
[Result "1-0"]
[WhiteElo "2091"]
[BlackElo "2096"]
[PlyCount "57"]
[EventDate "2011.02.19"]
[EventType "swiss"]
[EventRounds "7"]
[EventCountry "BRA"]
[SourceTitle "EXT 2022"]
[Source "ChessBase"]
[SourceDate "2021.10.06"]
[SourceVersion "1"]
[SourceVersionDate "2021.10.06"]
[SourceQuality "1"]

1. d4 Nf6 2. Nf3 e6 3. g3 b6 4. Bg2 Bb7 5. 0-0 d6 6. c4 Nbd7 7. Nc3 c5 8. d5 exd5 9. Nh4 Qc8 10. cxd5 Ne5 11. f4 Ng6 12. Nf3 b5 13. Nxb5 Bxd5 14. e4 a6 15. exd5 axb5 16. Qe2+ Be7 17. Qxb5+ Kf8 18. Nd2 h5 19. Qd3 Ra4 20. Nc4 Qa6 21. b3 Rxa2 22. Rxa2 Qxa2 23. Bb2 Qa7 24. Ra1 Qc7 25. f5 h4 26. fxg6 hxg3 27. hxg3 Rh6 28. Ra8+ Ne8 29. gxf7 1-0

[Event "Rio de Janeiro Rovedo op"]
[Site "Rio de Janeiro"]
[Date "2007.09.28"]
[Round "6"]
[White "Carvalho, Renato Luiz"]
[Black "Rovedo, Salomao"]
[Result "1/2-1/2"]
[WhiteElo "2105"]
[BlackElo "1887"]
[PlyCount "26"]
[EventDate "2007.08.18"]
[EventType "swiss"]
[EventRounds "7"]
[EventCountry "BRA"]
[SourceTitle "CBM 120 Extra"]
[Source "ChessBase"]
[SourceDate "2007.11.01"]
[SourceVersion "1"]
[SourceVersionDate "2007.11.01"]
[SourceQuality "1"]

1. e4 c5 2. Nf3 Nc6 3. d4 cxd4 4. Nxd4 e5 5. Nb5 d6 6. N1c3 a6 7. Na3 Nf6 8. Bg5 Be7 9. Nc4 b5 10. Bxf6 gxf6 11. Ne3 Nd4 12. Ncd5 f5 13. exf5 Nxf5 1/2-1/2

[Event "Rio de Janeiro Rovedo op"]
[Site "Rio de Janeiro"]
[Date "2007.09.22"]
[Round "5"]
[White "Pereira, Marcos Luciano"]
[Black "Carvalho, Renato Luiz"]
[Result "0-1"]
[WhiteElo "1950"]
[BlackElo "2105"]
[PlyCount "28"]
[EventDate "2007.08.18"]
[EventType "swiss"]
[EventRounds "7"]
[EventCountry "BRA"]
[SourceTitle "CBM 120 Extra"]
[Source "ChessBase"]
[SourceDate "2007.11.01"]
[SourceVersion "1"]
[SourceVersionDate "2007.11.01"]
[SourceQuality "1"]

1. e4 c5 2. b3 Nc6 3. Bb2 d6 4. Be2 Nf6 5. d3 e5 6. Qd2 g6 7. f4 exf4 8. Qxf4 Bg7 9. e5 dxe5 10. Bxe5 Nd5 11. Qg3 Bxe5 12. Qf2 Bxa1 13. Qxc5 Bd4 14. Qc4 Nb6 0-1

[Event "Rio de Janeiro Rovedo op"]
[Site "Rio de Janeiro"]
[Date "2007.09.01"]
[Round "3"]
[White "Carvalho, Renato Luiz"]
[Black "Rabello, David Sousa"]
[Result "0-1"]
[WhiteElo "2105"]
[BlackElo "1945"]
[PlyCount "62"]
[EventDate "2007.08.18"]
[EventType "swiss"]
[EventRounds "7"]
[EventCountry "BRA"]
[SourceTitle "CBM 120 Extra"]
[Source "ChessBase"]
[SourceDate "2007.11.01"]
[SourceVersion "1"]
[SourceVersionDate "2007.11.01"]
[SourceQuality "1"]

1. Nf3 d5 2. d4 Nf6 3. c4 e6 4. Nc3 Bb4 5. e3 0-0 6. Bd3 c5 7. 0-0 Nc6 8. cxd5 exd5 9. dxc5 Bxc5 10. Nd4 Re8 11. a3 a6 12. b4 Bd6 13. f4 Ng4 14. Qf3 Nxd4 15. exd4 Qf6 16. Bd2 Qxd4+ 17. Kh1 Ne3 18. Rfe1 Bg4 19. Bxe3 Qxd3 20. Qxg4 Rxe3 21. Rxe3 Qxe3 22. Nxd5 Qd2 23. Qf3 Re8 24. h3 Re2 25. Rf1 Bb8 26. Qg4 Kf8 27. Qc8+ Re8 28. Qc5+ Kg8 29. Qc4 h6 30. Qb3 Ba7 31. Rd1 Re1+ 0-1

[Event "Capablanca Memorial"]
[Site "Rio de Janeiro"]
[Date "2002.02.02"]
[Round "4"]
[White "Carvalho, Renato Luiz"]
[Black "Ramos, Angelo Bil"]
[Result "1-0"]
[WhiteElo "2103"]
[BlackElo "2096"]
[PlyCount "59"]
[EventDate "2002.01.12"]
[EventType "tourn"]
[EventRounds "9"]
[EventCountry "BRA"]
[SourceTitle "EXT 2003"]
[Source "ChessBase"]
[SourceDate "2002.11.25"]
[SourceVersion "1"]
[SourceVersionDate "2002.11.25"]
[SourceQuality "1"]

1. d4 d5 2. e3 Bf5 3. Bd3 Bxd3 4. Qxd3 Nf6 5. Nd2 Nc6 6. f4 e6 7. c3 Be7 8. Ngf3 0-0 9. 0-0 a5 10. Ne5 Nxe5 11. fxe5 Nd7 12. Rf3 f5 13. exf6 Rxf6 14. Rh3 g6 15. Nf3 Rf7 16. e4 Nf8 17. Ne5 Rf6 18. Ng4 dxe4 19. Nxf6+ Bxf6 20. Qxe4 Qd5 21. Qf3 Nd7 22. Qxd5 exd5 23. Be3 Re8 24. Rf1 Re6 25. Rhf3 Bg7 26. Bg5 h6 27. Bd8 c6 28. Rf7 Rd6 29. Bc7 Nf6 30. Rxg7+ 1-0

[Event "Capablanca Memorial"]
[Site "Rio de Janeiro"]
[Date "2002.01.31"]
[Round "3"]
[White "Andrade, Luciano Nilo"]
[Black "Carvalho, Renato Luiz"]
[Result "0-1"]
[WhiteElo "2010"]
[BlackElo "2103"]
[PlyCount "100"]
[EventDate "2002.01.12"]
[EventType "tourn"]
[EventRounds "9"]
[EventCountry "BRA"]
[SourceTitle "EXT 2003"]
[Source "ChessBase"]
[SourceDate "2002.11.25"]
[SourceVersion "1"]
[SourceVersionDate "2002.11.25"]
[SourceQuality "1"]

1. e4 a6 2. d4 c5 3. Nf3 cxd4 4. Nxd4 Nf6 5. Bd3 e6 6. 0-0 Qc7 7. Nc3 Nc6 8. Nf3 Bc5 9. Bg5 b5 10. Qd2 h6 11. Bh4 Bb7 12. Bg3 d6 13. Rfe1 Rd8 14. Rad1 Nh5 15. Ne2 Qb6 16. Rf1 e5 17. c4 g5 18. cxb5 axb5 19. Nc3 g4 20. Nd5 Qa7 21. Nc7+ Kd7 22. Nxb5 Qxa2 23. Nh4 Nd4 24. Nxd4 Bxd4 25. Nf5 Nxg3 26. Nxg3 Bc6 27. Qe2 Qe6 28. Ra1 Rb8 29. Rab1 h5 30. Bc4 Qg6 31. b4 h4 32. Nf5 g3 33. Nxd4 gxh2+ 34. Kxh2 Bxe4 35. Nf3 Rbg8 36. Nxe5+ dxe5 37. Rbd1+ Ke7 38. f3 Qg3+ 39. Kg1 h3 40. fxe4 Qxg2+ 41. Qxg2 hxg2 42. Rxf7+ Ke8 43. Re7+ Kxe7 44. Bxg8 Rh1+ 45. Kxg2 Rxd1 46. b5 Rb1 47. Bc4 Kd6 48. Kf2 Kc5 49. Bd3 Rb3 50. Ke2 Kd4 0-1